La réponse est en ... Anglais. - Statistiques

Statistiques générales
  • Ce quiz a été pris 824 fois
  • Le résultat moyen est 9 sur 15
Statistiques - réponses
Questions Réponses % Correct
On le dit souvent d'un artiste quand il fait son retour sur le devant de la scène (faire un ___ ) Come Back
95%
Désigne un accident particulièrement violent, souvent utilisé pour les accidents d'avions. Crash
95%
On le dit souvent quand quelqu'un raconte par exemple la fin d'un film. Spoiler
82%
Trafiquant de drogue. Dealer
80%
Cela signifie qu'il est retransmis en direct. En live
77%
C'est le fait d'être épuisé professionnellement ou décrit un état immense de fatigue. Burn-out
73%
Pour un livre, cela signifie que c'est un succès en librairie. Best-seller
62%
Mot utilisé pour désigner un dernier délai ou une date butoir. Deadline
51%
Anglicisme utilisé pour désigné une personne très occupée (on dit qu'elle est ___ ) Overbooké
46%
Quelque chose "d'époque". Vintage
42%
Couramment utilisé pour dire que ça va attirer l'attention d'un grand nombre de personnes. Il est notamment utilisé sur les réseaux sociaux. Buzz
40%
En français on parle d'audition. Casting
40%
Définit une information unique, qu'on est le seul à avoir. Ce mot est très utilisé dans la presse. Scoop
38%
Mécène ou un parrain, il peut par exemple financer un évènement. Sponsor
24%
C'est le meilleur de quelque chose. Best-of
21%
Aucun quiz correspondant
Distribution des résultats
% des personnes avec chaque résultat
Percentile par nombre de réponses
Votre historique - résultats
Vous n’avez pas pris ce quiz